00689nam a2200241 a 4500001001300000003000900013005001700022008004100039020001000080082001300090100001900103245002200122260002900144300000900173500003500182505005400217650001300271700001900284902000800303942000700311952011400318999001500432nice12345678IN_TiNIC20260116013028.0050524s1972 u sa grp 000 0 eng  ac10000a230bCAD aCady, H Emilie aLessions in Truth aU S abUnity Booksc1972 a153p aincludes index and biblioraphy2 aAnd Political Integration 1843-1986/ Index, Bibl. aTheology1 aCady, H Emilie bSRS cBK 001040708StackRoom-aHMIbHMId2007-06-22g100.00l0o230 CADp014122r2007-06-22v100.00w2005-05-24yBK c9339d9339